000 00691nam a22002057a 4500
999 _c14682
_d14682
003 AR-CdUCM
008 190424b ||||| |||| 00| 0 spa d
020 _a978-84-683-1278-1
040 _aMUNICIPALIDAD PROVINCIAL DEL CUSCO
_cBIBLIOTECA MUNICIPAL DEL CUSCO
082 _23ed.
_aEP / 808.06 /
_bE23
100 _aFerreres, Xavier (Dirección de proyecto)
_933547
245 _aLa pandilla clik :
_bEl caso del robot hipnotizador /
260 _aBarcelona :
_bEdebé,
_c2014.
300 _a109 páginas ;
_c20 cm.
_bIlustraciones, laminas,
650 _aHistoria
_951599
650 _aEntretenimiento
_915681
650 _aInfancia
_95236
942 _2ddc
_cLIBROS
945 _arah
_d24/04/2019